Derecho y discurso penal juvenil : los argumentos de la peligrosidad y el castigo /

Guardado en:
Autor Principal: Usabiaga, Esteban M.
Formato: Libro
Idioma:Spanish
Publicado: La Plata : Librería Editoria Platense, 2017
Edición:1a. ed.
Materias:
Etiquetas: Agregar Etiqueta
Sin Etiquetas, Sea el primero en etiquetar este registro!
LEADER 00520nam a22001575a 4500
001 DER.der013431
008 180615s2017####ag#||||||||||||||#||spa||
005 20250704174140.0
245 1 0 |a Derecho y discurso penal juvenil :  |b los argumentos de la peligrosidad y el castigo /  |c Esteban M. Usabiaga. 
250 |a 1a. ed. 
260 |a La Plata :  |b Librería Editoria Platense,  |c 2017 
300 |a 418 p. 
020 |a 9789505362844 
100 1 |a Usabiaga, Esteban M. 
650 7 |a DERECHO PENAL 
859 |a DERECHO  |b BIB. DERECHO  |h 345  |i USA  |p 008389